Aarthika chinthana vahini. (Record no. 173081)
[ view plain ]
| 000 -LEADER | |
|---|---|
| fixed length control field | 00454nam a2200181Ia 4500 |
| 003 - CONTROL NUMBER IDENTIFIER | |
| control field | OSt |
| 005 - DATE AND TIME OF LATEST TRANSACTION | |
| control field | 20230526153051.0 |
| 008 - FIXED-LENGTH DATA ELEMENTS--GENERAL INFORMATION | |
| fixed length control field | 210423s2002 xx 000 0 und d |
| 040 ## - CATALOGING SOURCE | |
| Transcribing agency | AL |
| 041 ## - LANGUAGE CODE | |
| Language code of text/sound track or separate title | kan |
| 082 ## - DEWEY DECIMAL CLASSIFICATION NUMBER | |
| Classification number | 330.15K |
| Edition number | 23 |
| Item number | SHIA |
| 100 ## - MAIN ENTRY--PERSONAL NAME | |
| Personal name | SHISHETA (B Prabhakara). |
| 9 (RLIN) | 36771 |
| 245 ## - TITLE STATEMENT | |
| Title | Aarthika chinthana vahini. |
| 260 ## - PUBLICATION, DISTRIBUTION, ETC. | |
| Name of publisher, distributor, etc. | Mangala Publications |
| Date of publication, distribution, etc. | 2002 |
| 365 ## - TRADE PRICE | |
| Currency code | INR |
| 906 ## - LOCAL DATA ELEMENT F, LDF (RLIN) | |
| a | Aarthika ; chinthana ; vahini. |
| 942 ## - ADDED ENTRY ELEMENTS (KOHA) | |
| Source of classification or shelving scheme | Dewey Decimal Classification |
| Koha item type | Book |
| Withdrawn status | Lost status | Damaged status | Not for loan | Collection code | Home library | Current library | Date acquired | Total Checkouts | Full call number | Barcode | Date last seen | Price effective from | Koha item type | Cost, normal purchase price |
|---|---|---|---|---|---|---|---|---|---|---|---|---|---|---|
| MSW | St Aloysius PG Library | St Aloysius PG Library | 04/26/2021 | 330.15K SHIA | PG019660 | 08/24/2022 | 04/26/2021 | Book | ||||||
| MSW | St Aloysius PG Library | St Aloysius PG Library | 11/09/2002 | 330.15 SHIA | PG019981 | 08/24/2022 | 04/26/2021 | Book | 120.00 |